|
|
|
|
| LEADER |
00000nam a22000007a 4500 |
| 005 |
20161215221847.0 |
| 007 |
cr|||| |||| |
| 008 |
161215s2016 mx |||||s|||| 00||0 spa d |
| 020 |
|
|
|a 978-607-406-822-1
|
| 035 |
|
|
|a 14663
|
| 040 |
|
|
|a vLex
|
| 090 |
|
|
|c 6498
|d 6498
|
| 100 |
1 |
|
|a Bettinger Garcia Cornejo, Herbert
|
| 245 |
1 |
0 |
|a Paras̕os fiscales 2016
|h [Recurso electrn̤ico] /
|c Herbert Bettinger Garcia Cornejo
|
| 256 |
|
|
|a Servicio en ln̕ea
|
| 260 |
|
|
|a Mx̌ico DF:
|b Ediciones Fiscales ISEF,
|c 2016
|
| 300 |
|
|
|a 1 recurso electrn̤ico
|
| 500 |
|
|
|a La presente obra nos da a conocer lo que los contribuyentes deben conocer sobre los paras̕os fiscales ubicados en jurisdiccin̤ de baja imposicin̤ tributaria, efecto impositivo, consideraciones sobre la acumulacin̤ de ingresos, consecuencias fiscales y efectos que se derivan de los acuerdos para el intercambio de informacin̤ fiscal y de los convenios para evitar la doble tributacin̤, as ̕como una serie de conclusiones que llevarǹ al lector a tomar una mejor decisin̤ sobre sus inversiones.
|
| 506 |
1 |
|
|a Disponible solo en los productos indicados
|d vLex Global
|d vLex Global (Academic Edition, excluding Law Schools)
|d vLex Global (U.S. Academic Edition, Law Schools)
|d vLex Global (U.S. Academic Edition, excluding Law Schools)
|d vLex Global (Academic Edition, Law Schools)
|
| 650 |
0 |
4 |
|a Derecho Fiscal
|z Mx̌ico
|
| 740 |
0 |
|
|a vLex Libros (Servicio en ln̕ea)
|
| 856 |
4 |
0 |
|u http://vlex.com/source/paraisos-fiscales-2016-14663
|z Acceso restringido
|
| 942 |
|
|
|c BOOK
|
| 999 |
0 |
|
|a Tax Law
|